Gerencia de riesgos y seguros

Detalles Bibliográficos
Autor Corporativo: Fundacin̤ Mapfre Estudios
Formato: Desconocido
Lenguaje:español
Publicado: Madrid : Fundacin̤ Mapfre Estudios
Materias:
Acceso en línea:Acceso restringido

MARC

LEADER 00000ny a22000003n 4500
005 20110509142355.0
008 000428c19831977sp pq 0 0 b spa c
022 |a 0213-4314 
035 |a 765 
040 |a UMA.RE  |d UMA.CEE  |d vlex 
080 |a 368(051) 
090 |c 1470  |d 1470 
245 0 0 |a Gerencia de riesgos y seguros  |h [Recurso electrn̤ico] 
256 |a Servicio en ln̕ea 
260 |a Madrid :  |b Fundacin̤ Mapfre Estudios 
310 |a Cuatrimestral 
321 |a Trimestral,  |b hasta 2006 
500 |a Descripcin̤ basada en n230}065 (1999) 
506 1 |a Contenido solo disponible en los productos indicados  |d vLex Global  |d vLex Global (Academic Edition, excluding Law Schools)  |d vLex Global (U.S. Academic Edition, Law Schools)  |d vLex Global (U.S. Academic Edition, excluding Law Schools)  |d vLex Global (Academic Edition, Law Schools) 
650 0 7 |a Seguros  |2 Tesauro vLex 
650 0 7 |a Mercantil  |2 Tesauro vLex 
650 0 7 |a Derecho de los seguros  |2 Tesauro vLex 
710 2 |a Fundacin̤ Mapfre Estudios 
740 0 |a vLex Revista (Servicios en ln̕ea) 
853 |8 1  |i (year)  |j (month)  |k (day) 
856 4 0 |u http://vlex.com/source/765  |z Acceso restringido 
942 |c REV 
999 0 |a Commercial law 
999 0 |a Insurance